000166385 001__ 166385
000166385 005__ 20260121131119.0
000166385 037__ $$aTAZ-TFG-2025-4619
000166385 041__ $$aspa
000166385 1001_ $$aDíez Betrán, Diego
000166385 24200 $$aInterpretation of PM2.5 levels in Aragon
000166385 24500 $$aInterpretación de los niveles de PM2.5 en Aragón
000166385 260__ $$aZaragoza$$bUniversidad de Zaragoza$$c2025
000166385 506__ $$aby-nc-sa$$bCreative Commons$$c3.0$$uhttp://creativecommons.org/licenses/by-nc-sa/3.0/
000166385 520__ $$aEl objetivo de este Trabajo de Fin de Grado consiste en describir e interpretar la variabilidad de los niveles de material particulado fino (PM2.5)  en Aragón durante el periodo 2014–2023. Estas partículas, debido a su pequeño tamaño, tienen una influencia directa sobre la salud humana y el clima, lo que hace de su estudio un indicador clave para las políticas europeas. Esencialmente, se han considerado dos tipos de tareas. En primer lugar,<br />se ha llevado a cabo la recopilación y tratamiento de datos del contaminante atmosférico (PM2.5) registrados en seis estaciones de calidad del aire, aplicando criterios de corrección por episodios naturales. A partir de dichas series, se ha realizado un análisis estadístico de la variabilidad semanal, mensual y anual, complementado con el estudio de tendencias mediante el test no paramétrico de Mann-Kendall. En segundo lugar, se ha considerado la influencia del transporte atmosférico en los niveles de (PM2.5) mediante el cálculo de retrotrayectorias diarias con el modelo HYSPLIT, que han permitido clasificar las masas de aire según su origen y evaluar su impacto relativo. Finalmente, se han integrado los resultados de los análisis estadísticos con información meteorológica y satelital, con el fin de contextualizar y comprender los factores determinantes de la evolución de los niveles de (PM2.5). Los resultados obtenidos marcan una tendencia general descendente que se acentúa en Zaragoza y Huesca. Además, se observa una marcada variabilidad estacional y un patrón semanal asociado a la actividad antropogénica.<br /><br />
000166385 521__ $$aGraduado en Física
000166385 540__ $$aDerechos regulados por licencia Creative Commons
000166385 691__ $$a3 11 13
000166385 692__ $$a 
000166385 700__ $$aEscudero Tellechea, Miguel$$edir.
000166385 7102_ $$aUniversidad de Zaragoza$$bFísica Aplicada$$cFísica Aplicada
000166385 8560_ $$f818605@unizar.es
000166385 8564_ $$s1407142$$uhttps://zaguan.unizar.es/record/166385/files/TAZ-TFG-2025-4619.pdf$$yMemoria (spa)
000166385 8564_ $$s838383$$uhttps://zaguan.unizar.es/record/166385/files/TAZ-TFG-2025-4619_ANE.pdf$$yAnexos (spa)
000166385 909CO $$ooai:zaguan.unizar.es:166385$$pdriver$$ptrabajos-fin-grado
000166385 950__ $$a
000166385 951__ $$adeposita:2026-01-21
000166385 980__ $$aTAZ$$bTFG$$cCIEN
000166385 999__ $$a20251112104925.CREATION_DATE